Fisiología respiratoria (Registro nro. 47516)
[ vista simple ]
| 000 -ENCABEZADO | |
|---|---|
| Número de control [NR] | 01044nam a2200289Ia 4500 |
| 005 - FECHA Y HORA DE LA ÚLTIMA TRANSACCIÓN | |
| control field | 20260218161119.0 |
| 008 - DE LONGITUD FIJA DE DATOS DE ELEMENTOS - INFORMACIÓN GENERAL | |
| Elementos de longitud fija [NR] | 130821s2012 ck ad fr spa d |
| 020 ## - NUMERO INTERNACIONAL NORMALIZADO PARA LIBROS [R] | |
| Número Internacional Normalizado del libro [NR] | 9589446108 |
| 020 ## - NUMERO INTERNACIONAL NORMALIZADO PARA LIBROS [R] | |
| Número Internacional Normalizado del libro [NR] | 9789589446614 (3a.Ed.) |
| 020 ## - NUMERO INTERNACIONAL NORMALIZADO PARA LIBROS [R] | |
| Número Internacional Normalizado del libro [NR] | 9789588993829 (4a.Ed.) |
| 040 ## - FUENTE DE CATALOGACION [NR] | |
| Agencia de catalogación original [NR] | Co-BoUCM |
| Idioma de catalogación [NR] | spa |
| Quien Cataloga | Saul Niño (Modificó) |
| Quien Clasifica | Sandra Palacio (modificó) |
| 041 00 - CODIGO DE IDIOMA [R] | |
| Código de idioma para texto/pista de sonido o título separado [R] | Español |
| 060 04 - SIGNATURA TOPOGRAFICA DE LA BIBLIOTECA NACIONAL DE MEDICINA (NLM) [R] | |
| Número clasificador [R] | WF 102 |
| 100 1# - ASIENTO PRINCIPAL--NOMBRE PERSONAL [NR] | |
| Nombre personal [NR] | Cristancho Gomez, William |
| ID Autoridad | 65113 |
| 245 10 - MENCION DE TITULO [NR] | |
| Título [NR] | Fisiología respiratoria |
| Parte restante del título [NR] | lo esencial en la práctica clínica |
| Mención de responsabilidad, etc. [NR] | William Cristancho Gómez |
| 250 ## - MENCION DE EDICION [NR] | |
| Mención de edición [NR] | 4a. Ed |
| 260 ## - PUBLICACION, DISTRIBUCION, ETC. (PIE DE IMPRENTA) [R] | |
| Lugar de publicación, distribución, etc. [R] | Bogotá (Colombia) |
| Nombre del editor, distribuidor, etc. [R] | Manual Moderno |
| Fecha de publicación, distribución, etc. [R] | 2022 |
| 300 ## - DESCRIPCION FISICA [R] | |
| Extensión [R] | 284 Páginas |
| Otros detalles físicos [NR] | ilustraciones, gráficas |
| 504 ## - NOTA DE BIBLIOGRAFIA, ETC. [R] | |
| Nota de bibliografía, etc. [NR] | Incluye referencias bibliográficas e índices |
| 650 04 - ASIENTO SECUNDARIO DE MATERIA - TERMINO TEMATICO [R] | |
| Término temático o nombre geográfico como elemento de entrada [NR] | Aparato respiratorio |
| Subdivisión general [R] | Fisiología |
| 9 (RLIN) | 9223 |
| 650 #7 - ASIENTO SECUNDARIO DE MATERIA - TERMINO TEMATICO [R] | |
| Término temático o nombre geográfico como elemento de entrada [NR] | Pulmones |
| 9 (RLIN) | 22940 |
| 650 04 - ASIENTO SECUNDARIO DE MATERIA - TERMINO TEMATICO [R] | |
| Término temático o nombre geográfico como elemento de entrada [NR] | Fisiología humana |
| 9 (RLIN) | 15943 |
| 650 04 - ASIENTO SECUNDARIO DE MATERIA - TERMINO TEMATICO [R] | |
| Término temático o nombre geográfico como elemento de entrada [NR] | Fisiología |
| 9 (RLIN) | 15925 |
| 650 #7 - ASIENTO SECUNDARIO DE MATERIA - TERMINO TEMATICO [R] | |
| Término temático o nombre geográfico como elemento de entrada [NR] | Enfermedades del sistema respiratorio |
| 9 (RLIN) | 14386 |
| 690 #0 - ASUNTO AGREGADO LOCAL DE ENTRADA - TÉRMINO TEMÁTICO (OCLC, RLIN) | |
| Acceso temático local | Fisiología |
| 9 (RLIN) | 15925 |
| 942 ## - ELEMENTOS DE ENTRADA AGREGADOS (KOHA) | |
| Tipo de ítem principal el descrito en 300a | Libro |
| Tema principal | Medicina |
| Edición | 4 |
| Parte restante de la signatura top. | C933f |
| Sistema de clasificación | NLM |
| Clasificación | WF 102 |
| Título oculto en OPAC | No |
| Fecha de último préstamo | Total préstamos | Total Renewals | Signatura topográfica | Código de barras | Última vez visto | Ejemplar | Price effective from | Tipo de ítem | Perdido | Sistema de clasificación | Dañado | No prestable | Tipo de ítem específico | Suprimido | Ubicación habitual | Ubicación actual | Localización | Fecha de creación | Forma de adquisición | Costo | Prestado | Volúmen / Fascículo | Costo de reposición | Proveedor |
|---|---|---|---|---|---|---|---|---|---|---|---|---|---|---|---|---|---|---|---|---|---|---|---|---|
| 28/04/2025 | 136 | 4 | WF 102 C933f | 200011443 | 01/12/2025 | Ej.6 | 03/02/2013 | Libro | NLM | Libro | Hospital Universitario Mayor | Hospital Universitario Mayor | 9no piso | 28/02/2005 | Compra | 25500.00 | ||||||||
| 28/04/2025 | 27 | 14 | WF 102 C933f | 200028166 | 01/12/2025 | Ej.1 | 03/12/2014 | Libro | NLM | Libro | Hospital Universitario Mayor | Hospital Universitario Mayor | 9no piso | 03/12/2014 | Compra | 28800.00 | 3a.Ed. | 28800.00 | 26 | |||||
| 27/01/2026 | 283 | 35 | WF 102 C933f | 200011124 | 16/02/2026 | Ej.4 | 03/02/2013 | Libro | NLM | Libro | Quinta de Mutis | Quinta de Mutis | 2do piso | 28/02/2005 | Compra | 30000.00 | ||||||||
| 21/04/2026 | 303 | 60 | WF 102 C933f | 200011076 | 22/04/2026 | Ej.2 | 03/02/2013 | Libro | NLM | Libro | Quinta de Mutis | Quinta de Mutis | 2do piso | 28/02/2005 | Compra | 30000.00 | ||||||||
| 15/08/2025 | 139 | 23 | WF 102 C933f | 200011075 | 15/08/2025 | Ej.1 | 03/02/2013 | Libro | NLM | Libro | Quinta de Mutis | Quinta de Mutis | 2do piso | 28/02/2005 | Compra | 30000.00 | 15/09/2025 | |||||||
| 21/04/2026 | 299 | 56 | WF 102 C933f | 200011444 | 22/04/2026 | Ej.5 | 03/02/2013 | Libro | NLM | Libro | Quinta de Mutis | Quinta de Mutis | 2do piso | 28/02/2005 | Compra | 25500.00 | ||||||||
| 20/08/2024 | 276 | 66 | WF 102 C933f | 200012542 | 20/08/2024 | Ej.7 | 03/02/2013 | Libro | NLM | Libro | Quinta de Mutis | Quinta de Mutis | 2do piso | 28/02/2006 | Compra | 92000.00 | 19/09/2024 | |||||||
| 11/03/2026 | 57 | 42 | WF 102 C933f | 100152463 | 20/05/2026 | Ej.2 | 09/03/2017 | Libro | NLM | Libro | Quinta de Mutis | Quinta de Mutis | 2do piso | 09/03/2017 | Donación | 26000.00 | 3a.Ed. | 26000.00 | 12 | |||||
| 12/02/2026 | 7 | 2 | WF 102 C933f | 100173499 | 29/04/2026 | Ej.1 | 05/02/2025 | Libro | NLM | Libro | Quinta de Mutis | Quinta de Mutis | 2do piso | 05/02/2025 | Compra | 84600.00 | 4a.Ed. | |||||||
| 04/03/2026 | 1 | 2 | WF 102 C933f | 100174927 | 29/05/2026 | Ej.2 | 18/02/2026 | Libro | NLM | Libro | Quinta de Mutis | Quinta de Mutis | 2do piso | 18/02/2026 | Compra | 90000.00 | 4a.Ed. | |||||||
| 16/04/2026 | 2 | 3 | WF 102 C933f | 100174928 | 26/05/2026 | Ej.3 | 18/02/2026 | Libro | NLM | Libro | Quinta de Mutis | Quinta de Mutis | 2do piso | 18/02/2026 | Compra | 90000.00 | 4a.Ed. | |||||||
| 16/04/2026 | 2 | 2 | WF 102 C933f | 100174929 | 07/05/2026 | Ej.4 | 18/02/2026 | Libro | NLM | Libro | Quinta de Mutis | Quinta de Mutis | 2do piso | 18/02/2026 | Compra | 90000.00 | 4a.Ed. |